00341nam a2200133 a 4500008004100000020001500041050001600056100002600072245003400098250001200132260003200144300002200176350000900198120416s0000 ||||||||||||||||| || u a0905435699 aHF 5635 Jen aJennings, Alan Robert10aFinancial accounting manual 2 a3rd ed. aEastleigh, HantsbDPPc1986 avii, 694p. : ill. a0.00